Aquiles (Registro nro. 10648)

Detalles MARC
000 - LÍDER
campo de control de longitud fija 01023nam a2200289 i 4500
003 - IDENTIFICADOR DE NÚMERO DE CONTROL
campo de control OSt
005 - FECHA Y HORA DE LA ÚLTIMA TRANSACCIÓN
campo de control 20210818181451.0
008 - ELEMENTOS DE DATOS DE LONGITUD FIJA - INFORMACIÓN GENERAL
campo de control de longitud fija 161005s2005 ck a br 000 j spa d
020 ## - INTERNATIONAL STANDARD BOOK NUMBER
International Standard Book Number 9789583019197
040 ## - FUENTE DE CATALOGACIÓN
Lenguaje de catalogación spa
Agencia de catalogación original COMFC
Descripción convenciones rda
041 ## - CÓDIGO DE LENGUAJE
Código de idioma de texto / pista de sonido o título separado spa
082 04 - NÚMERO DE CLASIFICACIÓN DECIMAL DEWEY
Número de clasificación 863
Número de artículo L864aq
100 1# - ENTRADA PRINCIPAL - NOMBRE PERSONAL
9 (RLIN) 49030
Nombre de la persona López de Mesa Oses, Diana
Término del Relator aut
245 1# - TÍTULO DECLARACIÓN
Título Aquiles
Resto del título el héroe de la Guerra de Troya. Mito Griego
Declaración de responsabilidad Diana López de Mesa Oses ; ilustraciones Yody Castro
264 ## - AVISO DE PRODUCCIÓN, PUBLICACIÓN, DISTRIBUCIÓN, FABRICACIÓN Y DERECHOS DE AUTOR
Lugar de producción Bogotá
Nombre del productor Panamericana Editorial
Fecha de producción 2005
300 ## - DESCRIPCIÓN FÍSICA
Alcance 32 página
Otros datos físicos ilustraciones
Dimensiones 20 cm
336 ## - TIPO DE CONTENIDO
Fuente rdacontent
Tipo de contenido txt
337 ## - TIPO DE MEDIO
Fuente rdamedia
Término del tipo de medio n
338 ## - TIPO DE PORTADOR
Fuente rdacarrier
Término del tipo de operador nc
490 ## - DECLARACIÓN EN SERIE
Estado de cuenta de la serie Mitos para niños
650 #0 - ENTRADA DE SUJETO AÑADIDO - TÉRMINO TÓPICO
9 (RLIN) 50358
Término tópico o elemento de entrada del nombre geográfico Cuentos Infantiles Colombianos
650 #0 - ENTRADA DE SUJETO AÑADIDO - TÉRMINO TÓPICO
9 (RLIN) 39337
Término tópico o elemento de entrada del nombre geográfico Mitologia Griega
Subdivisión general Cuentos Infantiles
650 #0 - ENTRADA DE SUJETO AÑADIDO - TÉRMINO TÓPICO
9 (RLIN) 39337
Término tópico o elemento de entrada del nombre geográfico Mitologia Griega
Subdivisión general Adaptaciones Infantiles
650 #0 - ENTRADA DE SUJETO AÑADIDO - TÉRMINO TÓPICO
9 (RLIN) 12071
Término tópico o elemento de entrada del nombre geográfico Dioses
Subdivisión general Literatura Infantil
700 1# - ENTRADA AGREGADA - NOMBRE PERSONAL
9 (RLIN) 49047
Nombre de la persona Castro, Yody
Término del Relator ill
942 ## - ELEMENTOS DE ENTRADA AGREGADOS (KOHA)
Fuente de clasificación o esquema de estanterías Dewey Decimal Classification
Parte de clasificación 863 L864aq
Prefijo del número de llamada 863
Sufijo del número de llamada L864aq
Existencias
Estado de retirada Pérdida de estatus Fuente de clasificación o esquema de estanterías Estado dañado No para préstamo Código de recogida Ubicación permanente Ubicación actual Ubicación de las estanterías Fecha de adquisición Total de Cajas Número Topográfico Código de barras Precio efectivo desde Número de copia Fecha de la última salida Fecha de la última vez que se vio Tipo de artículo Koha Nota pública
    Dewey Decimal Classification     General Biblioteca Pública Departamental Comfamiliar Risaralda Biblioteca Pública Departamental Comfamiliar Risaralda Área General 05/10/2016 2 863 L864aq 1000282 18/08/2021 Ej.1 13/07/2021 22/07/2021 Libro Mitos y Leyendas